Countries Bordering Zambia - Statistics

General Stats
  • This quiz has been taken 56 times
  • The average score is 7 of 8
Answer Stats
km Country % Correct
1930 Democratic Republic of the Congo
98%
0.15 Botswana
94%
419 Mozambique
94%
797 Zimbabwe
94%
338 Tanzania
92%
1110 Angola
88%
837 Malawi
88%
233 Namibia
88%
No matching quizzes found
Score Distribution
Percent of People with Each Score
Percentile by Number Answered
Your Score History
You have not taken this quiz